| 000 | 00982pam a2200241 a 4500 | ||
|---|---|---|---|
| 001 | 711536 | ||
| 005 | 20250221121317.0 | ||
| 008 | 971209s1998 paua f 001 0 eng c | ||
| 020 | _a0781712211 (pbk.) | ||
| 050 | 1 | 0 |
_aRB38.2 _b.W349 1998 |
| 082 | 0 | 0 |
_a616.07/56 _221 |
| 100 | 1 |
_aWallach, Jacques _q(Jacques Burton), _d1926- |
|
| 245 | 1 | 0 |
_aHandbook of interpretation of diagnostic tests / _cJacques Wallach. |
| 260 |
_aPhiladelphia : _bLippincott Williams & Wilkins _cc1998. |
||
| 300 |
_axi, 564 p. : _bill. ; _c22 cm. |
||
| 500 | _aIncludes index. | ||
| 500 | _aAn abridgment of Interpretation of diagnostic tests. 6th ed. 1996. | ||
| 650 | 0 |
_aDiagnosis, Laboratory _xHandbooks, manuals, etc. |
|
| 650 | 1 | 2 |
_aLaboratory Techniques and Procedures _xhandbooks. |
| 700 | 1 |
_aWallach, Jacques B. _q(Jacques Burton), _d1926- _tInterpretation of diagnostic tests. |
|
| 856 | 4 | 2 |
_3Publisher description _uhttp://www.loc.gov/catdir/enhancements/fy0712/97051668-d.html |
| 942 |
_2lcc _cBK _n0 |
||
| 999 |
_c4029 _d4029 |
||